U.S. Vice Presidents Quiz - Statistics

General Stats
  • This quiz has been taken 15 times
  • The average score is 15 of 33
Answer Stats
Term Vice-President % Correct
1789–1797 John Adams
100%
1865 Andrew Johnson
90%
1921–1923 Calvin Coolidge
90%
1881 Chester A. Arthur
90%
1841 John Tyler
90%
1797–1801 Thomas Jefferson
90%
1801–1805 Aaron Burr
80%
1805–1812 George Clinton
80%
1849–1850 Millard Fillmore
80%
1833–1837 Martin Van Buren
70%
1901 Theodore Roosevelt
70%
1825–1832 John C. Calhoun
50%
1861–1865 Hannibal Hamlin
40%
1873–1875 Henry Wilson
40%
1857–1861 John C. Breckinridge
40%
1905–1909 Charles W. Fairbanks
30%
1941–1945 Henry A. Wallace
30%
1869–1873 Schuyler Colfax
30%
1853 William R. King
30%
1929–1933 Charles Curtis
20%
1817–1825 Daniel D. Tompkins
20%
1813–1814 Elbridge Gerry
20%
1897–1899 Garret Hobart
20%
1845–1849 George M. Dallas
20%
1909–1912 James S. Sherman
20%
1933–1941 John Nance Garner
20%
1889–1893 Levi P. Morton
20%
1885 Thomas A. Hendricks
20%
1913–1921 Thomas R. Marshall
20%
1877–1881 William A. Wheeler
20%
1893–1897 Adlai Stevenson I
10%
1925–1929 Charles G. Dawes
10%
1837–1841 Richard Mentor Johnson
10%
No matching quizzes found
Score Distribution
Percent of People with Each Score
Percentile by Number Answered
Your Score History
You have not taken this quiz